Statistics for German Scorers in 2010s Champions League

Click here to take the quiz!

General Stats

  • This quiz has been taken 150 times
  • The average score is 24 of 56

Answer Stats

PlayerTeamGls% Correct
Mesut ÖzilReal Madrid, Arsenal11
99%
Thomas MüllerBayern Munich41
99%
Toni KroosBayern Munich, Real Madrid8
97%
Marco ReusDortmund17
96%
Mario GötzeDortmund, Bayern Munich12
95%
Leroy SanéSchalke 04, Manchester City7
92%
Mario GómezBayern Munich23
92%
Mats HummelsDortmund, Bayern Munich4
92%
İlkay GündoğanDortmund, Manchester City5
88%
Jérôme BoatengBayern Munich3
87%
Lukas PodolskiArsenal, Galatasaray10
87%
Julian DraxlerSchalke 04, Wolfsburg, Paris SG8
86%
Joshua KimmichBayern Munich7
83%
Timo WernerRB Leipzig3
83%
Bastian SchweinsteigerBayern Munich7
81%
André SchürrleLeverkusen, Chelsea, Wolfsburg, Dortmund6
76%
Sami KhediraReal Madrid1
74%
Miroslav KloseBayern Munich2
70%
Emre CanLiverpool1
63%
Lars BenderLeverkusen1
51%
Stefan KießlingLeverkusen4
51%
Marcel SchmelzerDortmund1
46%
Holger BadstuberBayern Munich1
44%
Benedikt HöwedesSchalke 045
43%
Lars StindlM'gladbach5
42%
Michael BallackLeverkusen1
40%
Julian BrandtLeverkusen1
39%
Karim BellarabiLeverkusen2
38%
Kevin VollandLeverkusen1
34%
Marko MarinWerder Bremen, Red Star2
34%
Kevin GroßkreutzDortmund2
30%
Max MeyerSchalke 041
28%
Maximilian ArnoldWolfsburg1
24%
Sebastian KehlDortmund1
22%
Max KruseWolfsburg2
19%
Sandro WagnerBayern Munich1
18%
Sebastian RudyStuttgart1
18%
Simon RolfesLeverkusen3
18%
Gonzalo CastroDortmund1
17%
Julian WeiglDortmund1
17%
CacauStuttgart1
16%
Sebastian RodeBayern Munich1
15%
Dennis AogoSchalke 041
12%
Christian GentnerWolfsburg1
9%
Manuel FriedrichLeverkusen1
9%
Hans-Jörg ButtBayern Munich1
8%
Mark UthSchalke 041
8%
Sidney SamLeverkusen3
8%
Felix PasslackDortmund1
7%
Julian SchieberDortmund1
7%
Christian TräschStuttgart1
5%
Serdar TasciStuttgart1
5%
André HahnM'gladbach1
4%
Jens HegelerLeverkusen1
2%
Julian KorbM'gladbach1
2%
Tim HooglandSchalke 041
1%

Score Distribution

Percentile by Number Answered

Percent of People with Each Score

Your Score History

You have not taken this quiz